ORTHOPAEDIC NURSING (Record no. 1468)

MARC details
000 -LEADER
fixed length control field 00346nam a2200145Ia 4500
008 - FIXED-LENGTH DATA ELEMENTS--GENERAL INFORMATION
fixed length control field 150201s1985 xx 000 0 und d
082 ## - DEWEY DECIMAL CLASSIFICATION NUMBER
Classification number 617.3
Item number O85P
100 ## - MAIN ENTRY--PERSONAL NAME
Personal name PINNEY , EDWARD
245 ## - TITLE STATEMENT
Title ORTHOPAEDIC NURSING
250 ## - EDITION STATEMENT
Edition statement 6TH
260 ## - PUBLICATION, DISTRIBUTION, ETC. (IMPRINT)
Name of publisher, distributor, etc. BAILLIER TINDELL
Place of publication, distribution, etc. LONDON
Date of publication, distribution, etc. 1985
300 ## - PHYSICAL DESCRIPTION
Extent 1-352
650 ## - SUBJECT ADDED ENTRY--TOPICAL TERM
Topical term or geographic name as entry element ORTHOPEDICS
942 ## - ADDED ENTRY ELEMENTS (KOHA)
Source of classification or shelving scheme Dewey Decimal Classification
Koha item type Books
Koha issues (borrowed), all copies 2
Holdings
Withdrawn status Lost status Source of classification or shelving scheme Damaged status Not for loan Collection code Home library Current library Shelving location Date acquired Source of acquisition Cost, normal purchase price SGTU Total Checkouts Full call number Barcode Date last seen Date last checked out Bill Date Koha item type Bill Number
    Dewey Decimal Classification     MEDICAL SGT Medical Library SGT Medical Library Text Book 20/03/2013 UBS DELHI 350.00 SGTU 2 617.3 O85P FM5301 29/09/2022 29/09/2022 20/03/2013 Books  
    Dewey Decimal Classification     MEDICAL SGT Medical Library SGT Medical Library Text Book 20/03/2013 UBS DELHI 350.00 SGTU   617.3 O85P FM5302 09/02/2015   20/03/2013 Books  
    Dewey Decimal Classification     MEDICAL SGT Medical Library SGT Medical Library Text Book 20/03/2013 UBS DELHI 350.00 SGTU   617.3 O85P FM5303 09/02/2015   20/03/2013 Books  
    Dewey Decimal Classification     MEDICAL SGT Medical Library SGT Medical Library Text Book 20/03/2013 UBS DELHI 350.00 SGTU   617.3 O85P FM5304 09/02/2015   20/03/2013 Books  
    Dewey Decimal Classification     MEDICAL SGT Medical Library SGT Medical Library Text Book 20/03/2013 UBS DELHI 350.00 SGTU   617.3 O85P FM5305 09/02/2015   20/03/2013 Books  
    Dewey Decimal Classification     MEDICAL SGT Medical Library SGT Medical Library Text Book 20/03/2013 UBS DELHI 350.00 SGTU   617.3 O85P FM5306 09/02/2015   20/03/2013 Books  
    Dewey Decimal Classification     NURSING SGT Medical Library SGT Medical Library Text Book 19/04/2012 UBS DELHI 299.00 SGTU   617.3 O85P FN626 09/02/2015   19/04/2012 Books 46